| 000 | 01052cam a22002891 4500 | ||
|---|---|---|---|
| 001 | 8694135 | ||
| 003 | EG-ScBUE | ||
| 005 | 20221213095502.0 | ||
| 008 | 790718q1910 pauah f 000 0 eng d | ||
| 020 | _a9781361039243 | ||
| 035 | _a(OCoLC)5182097 | ||
| 040 |
_aDLC _beng _erda _cMiGrC _dMiGrC _dDLC _dEG-ScBUE |
||
| 043 | _af-ua--- | ||
| 082 | 0 | 4 |
_a726.1093978 _bMIL _222 |
| 100 | 1 |
_aMileham, Geoffrey S., _eauthor. |
|
| 245 | 1 | 0 |
_aChurches in lower Nubia / _cby Geoffrey S. Mileham ; edited by D. Randall-Maciver. |
| 264 | 1 |
_aPhiladelphia, _bThe University Museum, _c[1910] |
|
| 300 |
_axv, 57 pages, 39 pages of plates : _billustrations ; _c22 cm. |
||
| 490 | 0 |
_aUniversity of Pennsylvania. _a Egyptian department of the University Museum. _aEckley B. Coxe junior expedition to Nubia ; _vvol. II |
|
| 610 | 2 | 7 |
_aCoptic Church. _2BUEsh _914215 |
| 650 | 7 |
_aChurch architecture _zNubia. _2BUEsh |
|
| 651 | _2BUEsh | ||
| 653 |
_bENGGEN _cMay2019 |
||
| 655 | _vReading book | ||
| 700 | 2 |
_aRandall-MacIver, David, _d1873-1945, _eeditor. |
|
| 942 |
_2ddc _cBB |
||
| 999 |
_c27491 _d27462 |
||